|
|
|
|
| LEADER |
03080nam a2200565 4500 |
| 001 |
978-3-540-40044-8 |
| 003 |
DE-He213 |
| 005 |
20191024191643.0 |
| 007 |
cr nn 008mamaa |
| 008 |
121227s2000 gw | s |||| 0|eng d |
| 020 |
|
|
|a 9783540400448
|9 978-3-540-40044-8
|
| 024 |
7 |
|
|a 10.1007/3-540-40044-3
|2 doi
|
| 040 |
|
|
|d GrThAP
|
| 050 |
|
4 |
|a Q334-342
|
| 072 |
|
7 |
|a UYQ
|2 bicssc
|
| 072 |
|
7 |
|a COM004000
|2 bisacsh
|
| 072 |
|
7 |
|a UYQ
|2 thema
|
| 082 |
0 |
4 |
|a 006.3
|2 23
|
| 245 |
1 |
0 |
|a Advances in Robot Learning
|h [electronic resource] :
|b 8th European Workhop on Learning Robots, EWLR-8 Lausanne, Switzerland, September 18, 1999 Proceedings /
|c edited by Jeremy Wyatt, John Demiris.
|
| 250 |
|
|
|a 1st ed. 2000.
|
| 264 |
|
1 |
|a Berlin, Heidelberg :
|b Springer Berlin Heidelberg :
|b Imprint: Springer,
|c 2000.
|
| 300 |
|
|
|a VIII, 172 p.
|b online resource.
|
| 336 |
|
|
|a text
|b txt
|2 rdacontent
|
| 337 |
|
|
|a computer
|b c
|2 rdamedia
|
| 338 |
|
|
|a online resource
|b cr
|2 rdacarrier
|
| 347 |
|
|
|a text file
|b PDF
|2 rda
|
| 490 |
1 |
|
|a Lecture Notes in Artificial Intelligence ;
|v 1812
|
| 505 |
0 |
|
|a Map Building through Self-Organisation for Robot Navigation -- Learning a Navigation Task in Changing Environments by Multi-task Reinforcement Learning -- Toward Seamless Transfer from Simulated to Real Worlds: A Dynamically-Rearranging Neural Network Approach -- How Does a Robot Find Redundancy by Itself? -- Learning Robot Control by Relational Concept Induction with Iteratively Collected Examples -- Reinforcement Learning in Situated Agents: Theoretical Problems and Practical Solutions -- A Planning Map for Mobile Robots: Speed Control and Paths Finding in a Changing Environment -- Probabilistic and Count Methods in Map Building for Autonomous Mobile Robots -- Biologically-Inspired Visual Landmark Learning for Mobile Robots.
|
| 650 |
|
0 |
|a Artificial intelligence.
|
| 650 |
|
0 |
|a Robotics.
|
| 650 |
|
0 |
|a Automation.
|
| 650 |
|
0 |
|a Computer simulation.
|
| 650 |
|
0 |
|a Control engineering.
|
| 650 |
|
0 |
|a Mechatronics.
|
| 650 |
1 |
4 |
|a Artificial Intelligence.
|0 http://scigraph.springernature.com/things/product-market-codes/I21000
|
| 650 |
2 |
4 |
|a Robotics and Automation.
|0 http://scigraph.springernature.com/things/product-market-codes/T19020
|
| 650 |
2 |
4 |
|a Simulation and Modeling.
|0 http://scigraph.springernature.com/things/product-market-codes/I19000
|
| 650 |
2 |
4 |
|a Control, Robotics, Mechatronics.
|0 http://scigraph.springernature.com/things/product-market-codes/T19000
|
| 700 |
1 |
|
|a Wyatt, Jeremy.
|e editor.
|4 edt
|4 http://id.loc.gov/vocabulary/relators/edt
|
| 700 |
1 |
|
|a Demiris, John.
|e editor.
|4 edt
|4 http://id.loc.gov/vocabulary/relators/edt
|
| 710 |
2 |
|
|a SpringerLink (Online service)
|
| 773 |
0 |
|
|t Springer eBooks
|
| 776 |
0 |
8 |
|i Printed edition:
|z 9783662213018
|
| 776 |
0 |
8 |
|i Printed edition:
|z 9783540411628
|
| 830 |
|
0 |
|a Lecture Notes in Artificial Intelligence ;
|v 1812
|
| 856 |
4 |
0 |
|u https://doi.org/10.1007/3-540-40044-3
|z Full Text via HEAL-Link
|
| 912 |
|
|
|a ZDB-2-SCS
|
| 912 |
|
|
|a ZDB-2-LNC
|
| 912 |
|
|
|a ZDB-2-BAE
|
| 950 |
|
|
|a Computer Science (Springer-11645)
|